000 00735nam a2200253Ia 4500
003 OSt
005 20220918215928.0
006 a|||||r|||| 00| 0
007 ta
008 220917b |||||||| |||| 00| 0 eng d
024 _a143,433
037 _cTextual
040 _aARTS
_cARTS
_beng
041 _2eng
_aeng
082 _aY158, J8(YI7D);K5
100 _aSimpson George Eaton
_9135261
245 0 _aRacial and cultural miniorities
_b An analysis of prejudice and discrimination
250 _a3rd
260 _aNA
_bNA
_c1958
650 _aSOCIOLOGY
700 _a Yinger J Milton
_9135262
942 _hY158, J8(YI7D);K5
_cTEXL
_2CC
999 _c266386
_d266386